Joueurs Français ayant joué au Bayern Munich - Statistiques

Statistiques générales
  • Ce quiz a été pris 473 fois
  • Le résultat moyen est 10 sur 16
Statistiques - réponses
Ayant joué de Jusqu'à Club précédent Club suivant Match au Bayern Club suivant % Correct
07.07.2024 Crystal Palace 55 Michael Olise
92%
01.07.2007 21.08.2019 Olympique de Marseille ACF Fiorentina 425 Franck Ribéry
88%
01.07.2017 01.07.2022 Olympique Lyonnais Olympique Lyonnais 118 Corentin Tolisso
85%
01.07.2019 09.07.2023 Atlético de Madrid Paris Saint-Germain 107 Lucas Hernández
83%
05.07.2021 RB Leipzig 152 Dayot Upamecano
82%
01.07.2019 30.08.2023 VfB Stuttgart Inter Milan 163 Benjamin Pavard
77%
01.07.1997 01.07.2006 Athletic Bilbao Fin de carrière 273 Bixente Lizarazu
76%
30.08.2015 30.06.2017 Juventus Turin Juventus Turin 339 Kingsley Coman
75%
26.07.2022 03.02.2025 Stade Rennais FC Tottenham Hotspur 83 Mathys Tel
64%
28.01.2024 Galatasaray 23 Sacha Boey
63%
18.08.2019 05.10.2020 Borussia Mönchengladbach Olympique de Marseille 13 Michaël Cuisance
43%
01.07.2000 01.01.2009 AS Monaco Fin de carrière 277 Willy Sagnol
41%
01.07.1994 09.08.1996 AC Milan FC Girondins de Bordeaux 40 Jean-Pierre Papin
33%
01.07.2020 17.08.2022 Paris Saint-Germain Séville FC 28 Tanguy Nianzou
30%
01.07.2005 01.01.2008 SV Werder Bremen Hannover 96 46 Valérien Ismaël
14%
01.07.2000 09.07.2002 Louhans-Cuiseaux FC FC Liverpool - Alou Diarra
8%
Aucun quiz correspondant
Distribution des résultats
% des personnes avec chaque résultat
Percentile par nombre de réponses
Votre historique - résultats
Vous n’avez pas pris ce quiz